000 01047nas a2200301 4500
001 BR0603502
003 BR-BrBNA
005 20231205110227.0
007 ta
008 230509b bl.|||p| |||| 00| 00por d
040 _aBR-BrBNA
_bpor
_cBiblioteca Nacional de Agricultura
041 _a(Pt)
072 _aL40; T01
100 1 _aOkumura, M.P.M.
100 1 _aPérez, A.C.A. de
100 1 _aPaiva, M.J.T.R.
100 1 _aCarvalho Filho, A.C. de
245 1 _aAlterações histopatológicas em fígado de tainha, Mugil platanus (Osteichthyes, Mugilidae), da região estuarino-lagunar de Cananéia (25 graus 00' S - 43 graus 55'W), Estado de São Paulo, Brasil
650 _aTAINHA
650 _aPEIXE MARINHO
650 _aLESÃO HEPÁTICA
650 _aHISTOPATOLOGIA
650 _aPOLUIÇÃO DA ÁGUA
650 _aSÃO PAULO
773 0 _tRevista Brasileira de Medicina Veterinária (Brazil)
_xISSN 0100-2430
_g(Apr-Jun 2006), v. 28(2) p. 63-66
_wBR0603502
909 _a202311
_bLúcia
_c55
_dLúcia Elande
942 _2AGRIS
_n0
_cANA
999 _c186589
_d186589